La responsabilidad civil en el nuevo Cd̤igo Tomo III

Detalles Bibliográficos
Autor principal: Zavala De Gonzl̀ez, Matilde
Otros Autores: Gonzl̀ez Zavala, Rodolfo
Formato: eBook
Lenguaje:español
Publicado: Cr̤doba: Alveroni Ediciones, 2018
Materias:
Acceso en línea:Acceso restringido

MARC

LEADER 00000nam a22000007a 4500
005 2019052403463.0
007 cr|||| |||
008 190524s2018 ar |||||s|||| 00||0 spa d
020 |a 978-987-643-163-7 
035 |a 23700 
040 |a vLex 
090 |c 8804  |d 8804 
100 1 |a Zavala De Gonzl̀ez, Matilde 
245 1 2 |a La responsabilidad civil en el nuevo Cd̤igo  |h [Recurso electrn̤ico] /  |c Matilde Zavala De Gonzl̀ez, Rodolfo Gonzl̀ez Zavala  |n Tomo III 
256 |a Servicio en ln̕ea 
260 |a Cr̤doba:  |b Alveroni Ediciones,  |c 2018 
300 |a 1 recurso electrn̤ico 
506 1 |a Disponible solo en los productos indicados  |d vLex Global  |d vLex Global (Academic Edition, excluding Law Schools)  |d vLex Global (U.S. Academic Edition, Law Schools)  |d vLex Global (U.S. Academic Edition, excluding Law Schools)  |d vLex Global (Academic Edition, Law Schools) 
650 0 4 |a Cd̤igo Civil  |z Argentina 
700 1 |a Gonzl̀ez Zavala, Rodolfo 
740 0 |a vLex Libros (Servicio en ln̕ea) 
856 4 0 |u http://vlex.com/source/responsabilidad-civil-en-el-nuevo-codigo-tomo-iii-23700  |z Acceso restringido 
942 |c BOOK 
999 0 |a Civil Code